Skip to main content
Your cart is empty.
Your lists
Log in to create your own lists
Your cookies
العربية
English
العربية
Home
Search
Advanced search
Authority search
About
The noble scholar, jurist, historian
His Excellency Dr. Abdul Wahhab bin Ibrahim Abu Sulaiman, may Allah have mercy on him.
He was born in Umm Al-Qura in the year 1356 AH.
Library catalog
Title
Author
Subject
ISBN
ISSN
Series
Call number
Log in to your account
×
Login:
Password:
Home
MARC view: محاضرات الملتقى الخامس للتعرف على الفكر الإسلامي /
Normal view
MARC view
ISBD view
محاضرات الملتقى الخامس للتعرف على الفكر الإسلامي / (Record no. 12427)
[
view plain
]
MARC details
000 -LEADER
fixed length control field
01236cam a2200277 i 4500
003 - CONTROL NUMBER IDENTIFIER
control field
SA-RiAUC
005 - DATE AND TIME OF LATEST TRANSACTION
control field
20251006092055.0
008 - FIXED-LENGTH DATA ELEMENTS--GENERAL INFORMATION
fixed length control field
251005s1970 ae g f10000 ara c
040 ## - CATALOGING SOURCE
Original cataloging agency
OQU
Language of cataloging
ara
Transcribing agency
SA-RiAUC
Description conventions
rda
041 1# - LANGUAGE CODE
Language code of text/sound track or separate title
ara
--
fre
050 #4 - LIBRARY OF CONGRESS CALL NUMBER
Item number
.M85 1970
082 04 - DEWEY DECIMAL CLASSIFICATION NUMBER
Classification number
189.1
Assigning agency
SA-RiAUC
090 ## - LOCALLY ASSIGNED LC-TYPE CALL NUMBER (OCLC); LOCAL CALL NUMBER (RLIN)
Classification number (OCLC) (R) ; Classification number, CALL (RLIN) (NR)
189.1
Local cutter number (OCLC) ; Book number/undivided call number, CALL (RLIN)
م ل ت
111 2# - MAIN ENTRY--MEETING NAME
Meeting name or jurisdiction name as entry element
ملتقى الفكر الإسلامي
Number of part/section/meeting
(5 :
Date of meeting or treaty signing
1971 :
Location of meeting
الجزائر)
245 10 - TITLE STATEMENT
Title
محاضرات الملتقى الخامس للتعرف على الفكر الإسلامي /
Statement of responsibility, etc.
وزارة التعليم الأصلي والشؤون الدينية.
264 #1 - PRODUCTION, PUBLICATION, DISTRIBUTION, MANUFACTURE, AND COPYRIGHT NOTICE
Place of production, publication, distribution, manufacture
قسنطينة، الجزائر :
Name of producer, publisher, distributor, manufacturer
وزارة التعليم الأصلي والشؤون الدينية،
Date of production, publication, distribution, manufacture, or copyright notice
1971
300 ## - PHYSICAL DESCRIPTION
Extent
471 صفحة ؛
Dimensions
24 سم
336 ## - CONTENT TYPE
Content type term
نص
Content type code
txt
Source
rdacontent
Materials specified
كتاب
337 ## - MEDIA TYPE
Media type term
بدون وسيط
Media type code
n
Source
rdamedia
338 ## - CARRIER TYPE
Carrier type term
مجلد
Carrier type code
nc
Source
rdacarrier
546 ## - LANGUAGE NOTE
Language note
النص باللغتين العربية والفرنسية.
650 #7 - SUBJECT ADDED ENTRY--TOPICAL TERM
Topical term or geographic name entry element
الفلسفة الإسلامية
Form subdivision
مؤتمرات
Source of heading or term
aucsh
710 1# - ADDED ENTRY--CORPORATE NAME
Corporate name or jurisdiction name as entry element
الجزائر.
Subordinate unit
وزارة التعليم الأصلي والشؤون الدينية
Relator term
منظم.
942 ## - ADDED ENTRY ELEMENTS (KOHA)
Source of classification or shelving scheme
Dewey Decimal Classification
Koha item type
Books
Suppress in OPAC
No
949 ## - LOCAL PROCESSING INFORMATION (OCLC)
a
SA-JeALM
d
251005
u
mohamedma123
n
1
Holdings
Withdrawn status
Lost status
Source of classification or shelving scheme
Damaged status
Not for loan
Home library
Current library
Date acquired
Total checkouts
Full call number
Barcode
Date last seen
Price effective from
Koha item type
Dewey Decimal Classification
DR AbdElwahab Library
DR AbdElwahab Library
10/06/2025
189.1 م ل ت
000019990
10/06/2025
10/06/2025
Books
Place hold
Print
Add to your cart
(remove)
Save record
BIBTEX
Dublin Core
MARCXML
MARC (non-Unicode/MARC-8)
MARC (Unicode/UTF-8)
MARC (Unicode/UTF-8, Standard)
MODS (XML)
RIS
ISBD
More searches
Search for this title in:
Other Libraries (WorldCat)
Other Databases (Google Scholar)
Online Stores (Bookfinder.com)
Open Library (openlibrary.org)
Exporting to Dublin Core...
×
Simple DC-RDF
OAI-DC
SRW-DC